Financial accounting

Αποθηκεύτηκε σε:
Λεπτομέρειες βιβλιογραφικής εγγραφής
Κύριος συγγραφέας: Jones, Michael
Μορφή: Βιβλίο
Γλώσσα:English
Δημοσίευση: Chichester, West Sussex, England; Hobeoken, NJ : Wiley, 2006
Θέματα:
Ετικέτες: Προσθήκη ετικέτας
Δεν υπάρχουν, Καταχωρήστε ετικέτα πρώτοι!

MARC

LEADER 00000nam a2200000 i 4500
001 1/65332
008 071130s2006 eng d
020 |a 978-0-470-05898-5 (pbk.) 
020 |a 0-470-05898-6 (pbk.) 
035 |l 10092695 
040 |a GR-MY-UA  |b gre  |e aacr 
041 0 |a eng 
082 0 |a 657  |2 (22) 
100 1 |a Jones, Michael. 
245 1 0 |a Financial accounting /  |c Michael Jones 
260 |a Chichester, West Sussex, England; Hobeoken, NJ :   |b Wiley,   |c 2006 
300 |a xxii, 478 σ.;  |b σχ., πιν.;  |c 25 εκ. 
504 |a Περιλαμβάνει βιβλιογραφίες και ευρετήριο 
650 0 0 |a Accounting. 
852 |a INST  |b CHIOS  |e 20071130  |h 657 JON  |p 005200028260  |q 005200028260  |t BK  |y 0 
901 |a BIBL2-2007-3 
909 |a Χ  |b 140489 
922 |a 2ΕΛΗ  |b 200711  |c ΕΠΕΑΕΚ2/ΤΔΕ  |d ΕΛΕΥΘΕΡΟΥΔΑΚΗΣ 
970 |a ΑΤΣΑΛΗ  |b ΔΕΣΠΟΙΝΑ  |z 2007/11/30